[Event "EU-ch Amateur Online 1700/2000"]
[Site "Tornelo INT"]
[Date "2021.04.24"]
[Round "2"]
[White "Nikoleris, Evangelos"]
[Black "Antoniou, Rafail"]
[Result "0-1"]
[WhiteElo "1898"]
[BlackElo "1516"]
[PlyCount "72"]
[EventDate "2021.04.24"]
[EventType "swiss (rapid)"]
[EventRounds "8"]
[EventCountry "NET"]
[SourceTitle "EXT 2023"]
[Source "ChessBase"]
[SourceDate "2022.10.05"]
[SourceVersion "1"]
[SourceVersionDate "2022.10.05"]
[SourceQuality "1"]

1. e4 c5 2. c3 e6 3. d4 d5 4. exd5 exd5 5. Nf3 Nf6 6. Bb5+ Bd7 7. Bxd7+ Qxd7 8. 0-0 cxd4 9. Nxd4 Be7 10. Bg5 0-0 11. Nd2 Nc6 12. N2f3 Nxd4 13. Qxd4 Rad8 14. Qxa7 h6 15. Bh4 Qb5 16. Nd4 Qxb2 17. Nf5 Rde8 18. Rab1 Qxc3 19. Rxb7 Bd8 20. Nd6 Re1 21. Qa6 Rxf1+ 22. Qxf1 Qc6 23. Bg3 Bc7 24. Qb5 Qc1+ 25. Qf1 Qxf1+ 26. Kxf1 Bxd6 27. Bxd6 Ra8 28. Rb8+ Rxb8 29. Bxb8 Kf8 30. a4 Nd7 31. Bc7 Ke8 32. a5 Nc5 33. Bb6 Na6 34. Ke2 Kd7 35. Kd3 Kd6 36. Bd4 g6 0-1

[Event "EU-ch Amateur Online 1700/2000"]
[Site "Tornelo INT"]
[Date "2021.04.24"]
[Round "4"]
[White "Nikoleris, Evangelos"]
[Black "Boci, Petro"]
[Result "1/2-1/2"]
[WhiteElo "1898"]
[BlackElo "1442"]
[PlyCount "62"]
[EventDate "2021.04.24"]
[EventType "swiss (rapid)"]
[EventRounds "8"]
[EventCountry "NET"]
[SourceTitle "EXT 2023"]
[Source "ChessBase"]
[SourceDate "2022.10.05"]
[SourceVersion "1"]
[SourceVersionDate "2022.10.05"]
[SourceQuality "1"]

1. e4 c5 2. c3 Nf6 3. e5 Nd5 4. d4 cxd4 5. Nf3 Nc6 6. cxd4 d6 7. Bc4 Nb6 8. Bb3 dxe5 9. d5 Nd4 10. Nxd4 exd4 11. Qxd4 e6 12. Nc3 exd5 13. 0-0 Be6 14. a4 Nd7 15. Bxd5 Nf6 16. Rd1 Nxd5 17. Nxd5 Qxd5 18. Qxd5 Bxd5 19. Rxd5 Be7 20. Be3 b6 21. Rad1 Rd8 22. Kf1 Rxd5 23. Rxd5 Bf6 24. b3 Ke7 25. Ke2 Rc8 26. a5 Rc2+ 27. Kf3 Rc3 28. axb6 axb6 29. Rb5 Bd4 30. Ke4 Bxe3 31. fxe3 Rc6 1/2-1/2

[Event "GRE-chT Online Rapid op 1st"]
[Site "Tornelo INT"]
[Date "2021.02.20"]
[Round "2.17"]
[White "Nikoleris, Evangelos"]
[Black "Pavlou, Antonios"]
[Result "1-0"]
[WhiteElo "1898"]
[BlackElo "1550"]
[PlyCount "93"]
[EventDate "2021.02.20"]
[EventType "team-swiss (rapid)"]
[EventRounds "9"]
[EventCountry "GRE"]
[SourceTitle "EXT 2023"]
[Source "ChessBase"]
[SourceDate "2022.10.05"]
[SourceVersion "1"]
[SourceVersionDate "2022.10.05"]
[SourceQuality "1"]

1. e4 e5 2. Nf3 Nc6 3. Bb5 d6 4. d4 exd4 5. Nxd4 Bd7 6. Nc3 Nxd4 7. Bxd7+ Qxd7 8. Qxd4 Ne7 9. Be3 Nc6 10. Qd5 a6 11. 0-0-0 Qe6 12. Rhe1 0-0-0 13. f3 g6 14. Bd4 Nxd4 15. Qxd4 Bh6+ 16. Kb1 Kb8 17. Nd5 Rhg8 18. Rd3 Bg7 19. Qb4 c6 20. Nb6 d5 21. exd5 Qf6 22. d6 Bf8 23. Red1 Qg5 24. Qg4 Qxg4 25. fxg4 Bh6 26. Re1 Bf4 27. d7 Bxh2 28. Re7 Bg1 29. Nc4 f5 30. Rxh7 fxg4 31. Ne5 Kc7 32. Nf7 Rgf8 33. b4 Rxd7 34. Rxd7+ Kxd7 35. Ne5+ Kd6 36. Nxg6 Rf1+ 37. Kb2 Bd4+ 38. Kb3 b6 39. Nh4 Rf2 40. Kc4 Bf6 41. Rh6 Ke5 42. Ng6+ Kf5 43. Nh4+ Bxh4 44. Rxh4 Rxc2+ 45. Kb3 Rxg2 46. Rh6 Rg3+ 47. Kb2 1-0

[Event "Ambelokipi op 173rd"]
[Site "Athens"]
[Date "2019.05.08"]
[Round "1"]
[White "Nikoleris, Evangelos"]
[Black "Papadopoulos, Theodoros KA"]
[Result "1-0"]
[WhiteElo "1899"]
[BlackElo "1395"]
[PlyCount "55"]
[EventDate "2019.05.08"]
[EventType "swiss"]
[EventRounds "7"]
[EventCountry "GRE"]
[SourceTitle "EXT 2020"]
[Source "ChessBase"]
[SourceDate "2019.10.17"]
[SourceVersion "1"]
[SourceVersionDate "2019.10.17"]
[SourceQuality "1"]

1. e4 c5 2. c3 d5 3. exd5 Qxd5 4. d4 cxd4 5. cxd4 Nc6 6. Nf3 Bg4 7. Nc3 Qd6 8. d5 Ne5 9. Bb5+ Nd7 10. 0-0 Ngf6 11. h3 Bxf3 12. Qxf3 a6 13. Bf4 Qb6 14. Ba4 g6 15. Rfe1 Bg7 16. d6 0-0 17. dxe7 Rfe8 18. Re2 Qb4 19. Bxd7 Nxd7 20. Nd5 Qa5 21. Nc7 Rac8 22. Nxe8 Rxe8 23. Qxb7 Nf6 24. Qc6 Qb5 25. Qxb5 axb5 26. Rd1 Nh5 27. Rd8 Nf6 28. Bg5 1-0

[Event "Nikaia op 23rd"]
[Site "Nikaia"]
[Date "2015.08.31"]
[Round "5"]
[White "Trimitzios, Petros"]
[Black "Nikoleris, Evangelos"]
[Result "1-0"]
[WhiteElo "2006"]
[BlackElo "1866"]
[PlyCount "89"]
[EventDate "2015.08.26"]
[EventType "swiss"]
[EventRounds "9"]
[EventCountry "GRE"]
[SourceTitle "EXT 2016"]
[Source "ChessBase"]
[SourceDate "2015.10.08"]
[SourceVersion "1"]
[SourceVersionDate "2015.10.08"]
[SourceQuality "1"]

1. d4 Nf6 2. c4 e6 3. Nf3 Bb4+ 4. Bd2 Qe7 5. g3 b6 6. Bg2 Bb7 7. a3 Bxd2+ 8. Nbxd2 d6 9. Qc2 Nbd7 10. 0-0 0-0 11. e4 e5 12. d5 a5 13. b4 Ra7 14. Rfc1 Rfa8 15. Qb2 axb4 16. axb4 Rxa1 17. Rxa1 Rxa1+ 18. Qxa1 Qd8 19. Qb2 Qa8 20. Ne1 Qa4 21. Bf3 g6 22. Nc2 Kg7 23. Nb1 h5 24. h4 c6 25. Nc3 Qa8 26. Ne3 Qa7 27. Kg2 Kf8 28. Be2 Ne8 29. dxc6 Bxc6 30. Ncd5 Nef6 31. f3 Bxd5 32. cxd5 Ne8 33. Bb5 Nb8 34. Nc4 Nc7 35. Nxd6 Nxb5 36. Nxb5 Qa4 37. Nc3 Qa6 38. Qd2 Qc4 39. Nd1 Nd7 40. Nf2 Ke7 41. g4 hxg4 42. fxg4 Nf6 43. Qg5 Qd4 44. h5 gxh5 45. gxh5 1-0

[Event "World Amateur-ch"]
[Site "Chalkidiki"]
[Date "2015.04.15"]
[Round "3"]
[White "Nikoleris, Evangelos"]
[Black "Gutierrez, Carlos"]
[Result "1/2-1/2"]
[WhiteElo "1915"]
[BlackElo "2064"]
[PlyCount "103"]
[EventDate "2015.04.14"]
[EventType "team-swiss"]
[EventRounds "9"]
[EventCountry "GRE"]
[SourceTitle "CBM 166 Extra"]
[Source "ChessBase"]
[SourceDate "2015.06.18"]
[SourceVersion "1"]
[SourceVersionDate "2015.06.18"]
[SourceQuality "1"]

1. e4 c5 2. c3 d5 3. exd5 Qxd5 4. d4 Nc6 5. Nf3 e6 6. Na3 a6 7. Nc2 cxd4 8. Ncxd4 Nf6 9. Be2 b5 10. Nxc6 Qxc6 11. Nd4 Qc7 12. Bf3 Bb7 13. Bxb7 Qxb7 14. 0-0 Be7 15. Bg5 0-0 16. Qf3 Qxf3 17. Nxf3 Rfd8 18. Rfd1 Kf8 19. Ne5 Nd5 20. Bxe7+ Nxe7 21. Kf1 f6 22. Nd7+ Kf7 23. Nc5 Rd5 24. Rxd5 Nxd5 25. Rd1 Ke7 26. Ke2 g5 27. g3 h5 28. a3 f5 29. Nd3 Kf6 30. Nb4 Ne7 31. Rd6 a5 32. Nc2 Nd5 33. Nd4 b4 34. Rxe6+ Kf7 35. c4 Rd8 36. cxd5 Rxd5 37. Ra6 Rxd4 38. Rxa5 bxa3 39. bxa3 Kf6 40. a4 h4 41. Ra6+ Kg7 42. Ra7+ Kg6 43. Ra8 Rb4 44. a5 hxg3 45. hxg3 Ra4 46. a6 Ra2+ 47. Kf3 Ra3+ 48. Ke2 Kh5 49. a7 Kg4 50. Rg8 Rxa7 51. Ke3 Ra3+ 52. Ke2 1/2-1/2

[Event "Nikaia op 22nd"]
[Site "Nikaia"]
[Date "2014.08.30"]
[Round "5"]
[White "Balokas, Dimitrios"]
[Black "Nikoleris, Evangelos"]
[Result "1/2-1/2"]
[WhiteElo "2042"]
[BlackElo "1887"]
[PlyCount "127"]
[EventDate "2014.08.26"]
[EventType "swiss"]
[EventRounds "9"]
[EventCountry "GRE"]
[SourceTitle "CBM 162 Extra"]
[Source "ChessBase"]
[SourceDate "2014.10.17"]
[SourceVersion "1"]
[SourceVersionDate "2014.10.17"]
[SourceQuality "1"]

1. d4 d5 2. c4 e6 3. Nf3 Nf6 4. g3 Be7 5. Bg2 0-0 6. 0-0 dxc4 7. Ne5 Nc6 8. Bxc6 bxc6 9. Nxc6 Qe8 10. Nxe7+ Qxe7 11. Qa4 c5 12. Qxc4 cxd4 13. Qxd4 Rd8 14. Qh4 Rb8 15. Nc3 Ba6 16. Bg5 h6 17. Bxf6 Qxf6 18. Qxf6 gxf6 19. b3 Rd2 20. Rfe1 Rc8 21. Ne4 Rxe2 22. Rxe2 Bxe2 23. Nxf6+ Kg7 24. Ne4 Rc2 25. a4 Bf3 26. Nd6 Rb2 27. Nb5 a5 28. Nd4 Bd5 29. Rc1 Kf6 30. h4 e5 31. Nc6 Bxb3 32. Nxa5 Bxa4 33. Nc4 Rc2 34. Rxc2 Bxc2 35. Ne3 Bf5 36. f3 Be6 37. Kf2 Kg6 38. Ng2 Bh3 39. Ne1 Be6 40. Ke3 f6 41. Nd3 Bc4 42. Nc5 Bb5 43. Ne4 h5 44. Nd6 Bc6 45. f4 exf4+ 46. gxf4 Bd7 47. Ke4 Bc6+ 48. Kd4 Bd7 49. Kd5 Bh3 50. Kc6 Bg4 51. Kc7 Bh3 52. Kd8 Bg4 53. Ke7 Bh3 54. Kd8 Bg4 55. Kc7 Bh3 56. Kc6 Bg4 57. Kd5 Bd7 58. Ke4 Bc6+ 59. Ke3 Bd7 60. Kf3 Bc6+ 61. Kg3 Bd7 62. Nc4 Kf5 63. Nb6 Be6 64. Na4 1/2-1/2

[Event "Nikaia op 22nd"]
[Site "Nikaia"]
[Date "2014.08.28"]
[Round "3"]
[White "Koutoukidis, Panagiotis"]
[Black "Nikoleris, Evangelos"]
[Result "1-0"]
[WhiteElo "2190"]
[BlackElo "1887"]
[PlyCount "49"]
[EventDate "2014.08.26"]
[EventType "swiss"]
[EventRounds "9"]
[EventCountry "GRE"]
[SourceTitle "CBM 162 Extra"]
[Source "ChessBase"]
[SourceDate "2014.10.17"]
[SourceVersion "1"]
[SourceVersionDate "2014.10.17"]
[SourceQuality "1"]

1. e4 e6 2. d4 d5 3. Nc3 Bb4 4. e5 c5 5. a3 Bxc3+ 6. bxc3 Ne7 7. Qg4 Kf8 8. Bd2 Qa5 9. a4 Nbc6 10. Nf3 Qc7 11. Bd3 h6 12. 0-0 Bd7 13. dxc5 Nxe5 14. Nxe5 Qxe5 15. Bf4 Qxc3 16. Bd6 Ke8 17. Rab1 Bc6 18. Rfe1 Qf6 19. Bb5 Nf5 20. Bxc6+ bxc6 21. Qf4 Qd4 22. Qxf5 Qf6 23. Qd3 Qd8 24. Rxe6+ fxe6 25. Qg6+ 1-0

[Event "Nikaia op 21st"]
[Site "Nikaia"]
[Date "2013.09.02"]
[Round "9"]
[White "Nikoleris, Evangelos"]
[Black "Sideris, Theodoros"]
[Result "1/2-1/2"]
[WhiteElo "1881"]
[BlackElo "2024"]
[PlyCount "142"]
[EventDate "2013.08.26"]
[EventType "swiss"]
[EventRounds "9"]
[EventCountry "GRE"]
[SourceTitle "CBM 156 Extra"]
[Source "ChessBase"]
[SourceDate "2013.10.22"]
[SourceVersion "1"]
[SourceVersionDate "2013.10.22"]
[SourceQuality "1"]

1. e4 c5 2. c3 d6 3. d4 Nf6 4. Bd3 g6 5. dxc5 dxc5 6. e5 Nd5 7. Be4 e6 8. c4 Nb4 9. Qxd8+ Kxd8 10. b3 Kc7 11. Nc3 Bd7 12. Nf3 h6 13. a4 a6 14. Be3 Bc6 15. 0-0-0 Nd7 16. h4 Bxe4 17. Nxe4 Nc6 18. Rd2 Rd8 19. Rhd1 Be7 20. Bf4 Kc8 21. Kb2 Ndb8 22. Rxd8+ Nxd8 23. Nd6+ Bxd6 24. exd6 Nd7 25. Ne5 Rh7 26. Ng4 h5 27. Ne5 Rg7 28. Nxd7 Kxd7 29. Be3 b6 30. a5 bxa5 31. Bxc5 Nb7 32. Bb6 f6 33. Bc7 Kc6 34. Ra1 Rd7 35. Bxa5 Nxd6 36. Bb4 Kb7 37. Bxd6 Rxd6 38. Kc3 e5 39. g3 e4 40. Re1 Rd3+ 41. Kb4 f5 42. Re2 Kb6 43. c5+ Kb7 44. Kc4 Kc6 45. Ra2 Kb7 46. c6+ Kb6 47. c7 Kxc7 48. Rxa6 Rf3 49. Rxg6 Rxf2 50. Rg5 Kd6 51. Rxh5 Rc2+ 52. Kd4 Rd2+ 53. Ke3 Rd3+ 54. Ke2 Ke6 55. Rg5 Rxb3 56. Rg8 Kf6 57. Rf8+ Ke6 58. Rg8 Rf3 59. Rg5 Kf6 60. Rg8 Ra3 61. Rf8+ Kg6 62. Rg8+ Kf6 63. Rf8+ Ke5 64. Re8+ Kd5 65. Rd8+ Ke6 66. Rg8 Kf7 67. Rg5 Rf3 68. h5 Kf6 69. Rg6+ Kf7 70. Rg5 Kf6 71. Rg6+ Kf7 1/2-1/2

[Event "Heraclion op 10th"]
[Site "Athens"]
[Date "2006.06.13"]
[Round "4"]
[White "Manolaraki, Yvonni"]
[Black "Nikoleris, Evangelos"]
[Result "0-1"]
[WhiteElo "2052"]
[BlackElo "1865"]
[PlyCount "88"]
[EventDate "2006.06.10"]
[EventType "swiss"]
[EventRounds "9"]
[EventCountry "GRE"]
[SourceTitle "CBM 112 Extra"]
[Source "ChessBase"]
[SourceDate "2006.07.14"]
[SourceVersion "1"]
[SourceVersionDate "2006.07.14"]
[SourceQuality "1"]

1. e4 e6 2. d4 d5 3. e5 c5 4. c3 Nc6 5. Be3 Qb6 6. Qd2 Bd7 7. Nf3 Rc8 8. Be2 cxd4 9. cxd4 Na5 10. Nc3 Nc4 11. Bxc4 Rxc4 12. 0-0 Bb4 13. Nh4 Ne7 14. f4 Ng6 15. Nf3 Ne7 16. Rac1 0-0 17. g4 Rfc8 18. Qe1 Qa5 19. Bd2 Bb5 20. Rf2 a6 21. Ra1 Bxc3 22. Bxc3 Rxc3 23. bxc3 Bc4 24. Qc1 b5 25. Rb2 Bd3 26. Rb3 Bc4 27. Ra3 Qb6 28. Qb2 Nc6 29. Nd2 Bd3 30. Rc1 Na5 31. Qb4 Nc6 32. Qb3 Nxd4 33. cxd4 Rxc1+ 34. Kg2 Be4+ 35. Nxe4 dxe4 36. Qe3 Rc2+ 37. Kg3 Qc6 38. h3 b4 39. Rb3 Rc3 40. Rxc3 bxc3 41. Kf2 c2 42. Qc1 Qc3 43. Ke2 Qd3+ 44. Ke1 e3 0-1

[Event "GRE-ch U20"]
[Site "Athens"]
[Date "2006.01.07"]
[Round "7.9"]
[White "Nikoleris, Evangelos"]
[Black "Aggelis, Nikolaos"]
[Result "1/2-1/2"]
[WhiteElo "1876"]
[BlackElo "1951"]
[PlyCount "70"]
[EventDate "2006.01.03"]
[EventType "swiss"]
[EventRounds "9"]
[EventCountry "GRE"]
[SourceTitle "EXT 2024"]
[Source "ChessBase"]
[SourceDate "2023.10.10"]
[SourceVersion "1"]
[SourceVersionDate "2023.10.10"]
[SourceQuality "1"]

1. e4 e5 2. Nf3 Nc6 3. Bb5 Nge7 4. 0-0 g6 5. d4 exd4 6. Nxd4 Bg7 7. c3 0-0 8. Be3 a6 9. Ba4 Ne5 10. Bb3 d5 11. Nd2 f5 12. Bg5 Bf6 13. Bxf6 Rxf6 14. exd5 Nxd5 15. N2f3 Nf7 16. Re1 c6 17. Ne5 Nxe5 18. Rxe5 Qd6 19. Qe1 Kg7 20. Rd1 Qf8 21. Bxd5 cxd5 22. Rxd5 b5 23. Re5 Ra7 24. Ne6+ Bxe6 25. Rxe6 Rxe6 26. Qxe6 Re7 27. Rd7 Rxd7 28. Qxd7+ Kh6 29. Qd2+ Kg7 30. Qd4+ Kh6 31. h3 f4 32. c4 bxc4 33. Qxc4 Qd6 34. Qc1 Kg7 35. Qc3+ Kh6 1/2-1/2

[Event "GRE-ch U16"]
[Site "Chania"]
[Date "2003.04.20"]
[Round "2"]
[White "Sandalakis, Angelos"]
[Black "Nikoleris, Evangelos"]
[Result "1-0"]
[WhiteElo "2015"]
[BlackElo "1540"]
[PlyCount "45"]
[EventDate "2003.04.??"]
[EventType "swiss"]
[EventRounds "7"]
[EventCountry "GRE"]
[SourceTitle "EXT 2005"]
[Source "ChessBase"]
[SourceDate "2004.11.15"]
[SourceVersion "1"]
[SourceVersionDate "2004.11.15"]
[SourceQuality "1"]

1. e4 e6 2. d4 d5 3. Nc3 Bb4 4. e5 c5 5. a3 Bxc3+ 6. bxc3 Ne7 7. Bd3 Nbc6 8. Nf3 Qc7 9. 0-0 Bd7 10. Bd2 c4 11. Be2 0-0-0 12. a4 h6 13. Bc1 Ng6 14. Ba3 Rdg8 15. Bd6 Qd8 16. Qd2 Be8 17. Rfb1 f5 18. Qc1 Nh4 19. Nxh4 Qxh4 20. Qb2 Nd8 21. Qb4 Bc6 22. Qa5 Kd7 23. g3 1-0